000 00285 a2200109 4500
001 ART_46465
005 20260410162041.0
008 260409a
245 1 0 _aSecreto fiscal
100 1 _aSpisso, Rodolfo Roque
773 0 _tImpuestos
_g- N°29 (jun. 2018)
_wREV45175
999 _c34857
_d34857